| 000 | 01183nam a2200313 a 4500 | ||
|---|---|---|---|
| 001 | ebr10323362 | ||
| 003 | CaPaEBR | ||
| 006 | m u | ||
| 007 | cr cn||||||||| | ||
| 008 | 091007s2006 ii a sb 000 0 eng d | ||
| 020 | _z9788122418187 | ||
| 020 | _z9788122424409 | ||
| 040 |
_aCaPaEBR _cCaPaEBR |
||
| 035 | _a(OCoLC)646817637 | ||
| 050 | 1 | 4 |
_aTK2851 _b.B43 2006eb |
| 100 | 1 | _aBhattacharya, S. K. | |
| 245 | 1 | 0 |
_aControl of machines _h[electronic resource] / _cS.K. Bhattacharya, Brijinder Singh. |
| 250 | _aRev. 2nd ed. | ||
| 260 |
_aNew Delhi : _bNew Age International (P) Ltd., Publishers, _c2006. |
||
| 300 |
_axv, 337 p. : _bill. |
||
| 504 | _aIncludes bibliographical references. | ||
| 533 |
_aElectronic reproduction. _bPalo Alto, Calif. : _cebrary, _d2013. _nAvailable via World Wide Web. _nAccess may be limited to ebrary affiliated libraries. |
||
| 650 | 0 | _aElectric controllers. | |
| 650 | 0 | _aElectric machinery. | |
| 655 | 7 |
_aElectronic books. _2local |
|
| 700 | 1 | _aSingh, Brijinder. | |
| 710 | 2 | _aebrary, Inc. | |
| 856 | 4 | 0 |
_uhttp://site.ebrary.com/lib/rucke/Doc?id=10323362 _zAn electronic book accessible through the World Wide Web; click to view |
| 999 |
_c75411 _d75411 |
||